[Event "Biel Rapid op 58th"]
[Site "Biel"]
[Date "2025.07.13"]
[Round "7"]
[White "Kubanyi, Robert"]
[Black "Schreiber, Edwin"]
[Result "1/2-1/2"]
[WhiteElo "1677"]
[BlackElo "1837"]
[PlyCount "53"]
[EventDate "2025.07.13"]
[EventType "swiss (rapid)"]
[EventRounds "9"]
[EventCountry "SUI"]
[SourceTitle "CB29_2025"]
[SourceDate "2025.07.16"]
[SourceVersion "1"]
[SourceVersionDate "2025.07.16"]
[SourceQuality "1"]

1. e4 c5 2. Nf3 g6 3. c3 d5 4. exd5 Nf6 5. c4 e6 6. dxe6 Bxe6 7. Be2 Bg7 8. Nc3 0-0 9. 0-0 Nc6 10. Re1 Nd4 11. d3 Nxe2+ 12. Qxe2 Re8 13. Be3 Ng4 14. Ng5 Nxe3 15. Nxe6 Rxe6 16. fxe3 Qe8 17. Nd5 Qd8 18. Qf3 Rb8 19. Re2 b5 20. Rf1 f5 21. b3 bxc4 22. dxc4 Re4 23. Rd1 Qg5 24. Red2 Rbe8 25. Rd3 Bh6 26. Re1 Bg7 27. Kf2 1/2-1/2

[Event "Morava Region-chTA"]
[Site "Czech Republic"]
[Date "2024.12.01"]
[Round "4.7"]
[White "Kubanyi, Robert"]
[Black "Kovacs, Viliam"]
[Result "1/2-1/2"]
[WhiteElo "1681"]
[BlackElo "1814"]
[PlyCount "92"]
[EventDate "2024.10.13"]
[EventType "team-tourn"]
[EventRounds "11"]
[EventCountry "CZE"]
[SourceTitle "CB16_2025"]
[SourceDate "2025.04.16"]
[SourceVersion "1"]
[SourceVersionDate "2025.04.16"]
[SourceQuality "1"]
[WhiteTeam "Opava Slezan III"]
[BlackTeam "Opava Orel"]
[WhiteTeamCountry "CZE"]
[BlackTeamCountry "CZE"]

1. e4 c5 2. Nf3 e6 3. c3 a6 4. d4 cxd4 5. cxd4 d5 6. exd5 exd5 7. Bd3 Be7 8. 0-0 Nf6 9. Nc3 0-0 10. Qb3 Nc6 11. Bg5 Na5 12. Qc2 h6 13. Bh4 Be6 14. b3 Rc8 15. Qd2 Nc6 16. Rac1 Ba3 17. Rcd1 Bb4 18. Rc1 Ba3 19. Rcd1 Bg4 20. Bxf6 Qxf6 21. Nxd5 Qd6 22. Nb6 Rcd8 23. Nc4 Qb4 24. Qxb4 Bxb4 25. Nce5 Nxe5 26. dxe5 Rfe8 27. Be4 Rxd1 28. Rxd1 b6 29. Bc6 Bxf3 30. gxf3 Rxe5 31. Bb7 a5 32. Be4 g6 33. Rd7 Kg7 34. Bd5 Re7 35. Rd8 Bc5 36. Bc4 g5 37. Kg2 Re5 38. Rd7 Rf5 39. Kg3 Rf4 40. h4 Rf6 41. hxg5 hxg5 42. Rd5 Kh6 43. Rd7 Kg7 44. Rd5 Kh6 45. Kg2 Bd6 46. Bd3 Bc5 1/2-1/2

[Event "Morava Region-chTA"]
[Site "Czech Republic"]
[Date "2024.11.17"]
[Round "3.6"]
[White "Kubanyi, Robert"]
[Black "Strakos, Jiri"]
[Result "1-0"]
[WhiteElo "1681"]
[BlackElo "1748"]
[PlyCount "71"]
[EventDate "2024.10.13"]
[EventType "team-tourn"]
[EventRounds "11"]
[EventCountry "CZE"]
[SourceTitle "CB16_2025"]
[SourceDate "2025.04.16"]
[SourceVersion "1"]
[SourceVersionDate "2025.04.16"]
[SourceQuality "1"]
[WhiteTeam "Opava Slezan III"]
[BlackTeam "Rymarov Jiskra"]
[WhiteTeamCountry "CZE"]
[BlackTeamCountry "CZE"]

1. e4 d6 2. d4 Nf6 3. Nc3 e5 4. Bc4 Be7 5. Nf3 exd4 6. Nxd4 0-0 7. 0-0 Nxe4 8. Bxf7+ Rxf7 9. Nxe4 Nc6 10. c3 d5 11. Nxc6 bxc6 12. Ng3 g6 13. f4 Ba6 14. Rf3 Bf6 15. Rb1 Qf8 16. f5 Be5 17. Bf4 Qd6 18. Qd2 Raf8 19. Re1 Bxf4 20. Qxf4 Qxf4 21. Rxf4 gxf5 22. Re5 Bc8 23. Kf2 Kg7 24. Ke2 Kf6 25. Re3 Kg5 26. Ref3 h5 27. h4+ Kg6 28. Kd3 c5 29. Ra4 a6 30. Ra5 Bb7 31. Rxc5 Rf6 32. Rxc7 R8f7 33. Rxf7 Rxf7 34. Kd4 Bc8 35. Ne2 Bb7 36. Nf4+ 1-0